003450000a22001090004500090001700000245009300017041001400110100003900124942001300163773004200176999001700218 aASbSeriadas10aOrquídeas del departamento del Cauca, II.sregistros en el Parque Nacional de Muchique0 aEspañol1 aFernández Pérez, Alvaro994010 cARTICULO1 tNovedades Colombianash6q15-29d1994 c16087d16087